MARC

LEADER 00000nam0a2200000 4500
001 673681
005 20240711150121.0
035 |a (RuTPU)RU\TPU\retro\21838 
090 |a 673681 
100 |a 20240711d1961 k||y0rusy50 ca 
101 0 |a rus 
102 |a RU 
105 |a a z 001zy 
181 |a i   |b  e  
182 |a n 
183 |a nc  |2 RDAcarrier 
200 1 |a Труды проектного и научно-исследовательского института "Гипроникель"  |f Государственный проектный и научно-исследовательский институт Гипроникель ; гл. ред. С. Д. Шереметьев  |i Вып. 9 
210 |a Ленинград  |c [Б. и.]  |d 1961 
215 |a 115 с.  |c ил. 
225 1 |a Труды проектного и научно-исследовательского института "Гипроникель"  |v Вып. 9 
283 |a volume 
320 |a Библиография в конце статей 
606 1 |a Рудники цветной металлургии  |x Автоматизация  |2 stltpush  |3 (RuTPU)RU\TPU\subj\25500  |9 49642 
610 1 |a фьюмингование шлаков 
610 1 |a физико-химические процессы 
610 1 |a установки 
610 1 |a технологии 
610 1 |a переработка 
610 1 |a оловосодержащие шлаки 
610 1 |a промышленная эксплуатация 
610 1 |a Подольская шлаковая установка 
610 1 |a Усть-Каменогорская фьюминговая установка 
610 1 |a свинцовая плавка 
610 1 |a летучие металлы 
610 1 |a извлечение 
610 1 |a редкие элементы 
610 1 |a золото 
610 1 |a серебро 
610 1 |a топливо 
675 |a 622.342/.349  |v 4 
702 |4 340  |a Шереметьев  |b С. Д. 
712 0 2 |a Государственный проектный и научно-исследовательский институт никель-кобальтовой промышленности Гипроникель  |3 (RuTPU)RU\TPU\col\13629  |9 25734 
801 1 |a RU  |b 63413507  |c 20240711 
801 2 |a RU  |b 63413507  |c 20240711  |g RCR 
850 |a 63413507 
942 |c CR